00307nam a2200121 a 450000500170000000800410001702000180005805000160007624500130009226000500010544000210015565000090017620140513081056.0070807s19uu xx 00 eng d a0-382-21240-1 aPbWEA 1990 aWeather. aNew Jersey :bSilver Burdett and Ginn,c1990. aWorld of languge aRain